Reading for Understanding : A Guide to Improving Reading in Middle and High School Classrooms /

Збережено в:
Бібліографічні деталі
Інші автори: Schoenbach, Ruth (autor) (autor)
Формат: Книга
Мова:Англійська
Опубліковано: San Francisco, EUA : Jossey-Bass, 1999, c1999
Предмети:
Теги: Додати тег
Немає тегів, Будьте першим, хто поставить тег для цього запису!

MARC

LEADER 00000nam^a2200000^a^4500
001 000182652
005 20250521000000.0
009 20260310102014.117
020 |a 0-7879-5045-9 
037 |a Acervo ITESO - Biblioteca 
041 |a ING 
082 |a 371. 302812  |b REA 
245 0 0 |a Reading for Understanding :  |b A Guide to Improving Reading in Middle and High School Classrooms /  |c R. Shoenbach... [et al.]. 
264 4 |a San Francisco, EUA :  |b Jossey-Bass,  |c 1999, c1999 
300 |a XXV, 199 p. 
336 |a texto  |b txt  |2 rdacontenido 
337 |a sin mediación  |b n  |2 rdamedio 
338 |a volumen  |b nc  |2 rdasoporte 
649 |a XX 
650 |a Lectura -  |x Estudio y Enseñanza 
650 |a Comunicación Escrita 
650 |a Estudio -  |x Método 
650 |a Desarrollo Cognoscitivo 
650 |a Psicología Cognitiva 
650 |a Competencias (Educación) 
650 |a Metodología Educativa 
650 |a Proceso Educativo 
650 |a Educación Media 
700 |a Schoenbach, Ruth  |e (autor) 
910 |a Fondo General 
920 |a Impresos - Libros 
930 |a Colección General 
905 |a 101 
901 |a 0500122691  |b IT1  |c ACC  |u 20250521 
902 |a https://opac.biblio.iteso.mx/vufind/Record/000182652